| 000 | 00476nam a2200181Ia 4500 | ||
|---|---|---|---|
| 005 | 20250326125122.0 | ||
| 008 | 250326s9999 xx 000 0 und d | ||
| 037 | _aTextbook | ||
| 040 |
_aFMSL _beng _cFMSL |
||
| 041 |
_aeng _2eng |
||
| 084 |
_aX:9:Z2 L5 _qFMSL |
||
| 100 |
_aKatju M _9694887 |
||
| 245 | 0 |
_aDomestic enquiry _cKatju M |
|
| 260 |
_aBombay _bBombay, N M Tripathi _c1975 |
||
| 300 | _a303p | ||
| 942 |
_cTB _hX:9:Z2 L5 |
||
| 999 |
_c1276631 _d1276631 |
||